书目信息 |
| 题名: |
生命不能承受之重
|
|
| 作者: | ;传奇翰墨编委会 编著 | |
| 分册: | ||
| 出版信息: | 北京 北京理工大学出版社 2010 |
|
| 页数: | 224页 | |
| 开本: | 24cm | |
| 丛书名: | ||
| 单 册: | ||
| 中图分类: | X4 | |
| 科图分类: | ||
| 主题词: | 灾害--历史--世界 , 灾害 | |
| 电子资源: | ||
| ISBN: | 978-7-5640-3124-4 | |
| 000 | 01023nam0 2200253 45 | |
| 001 | 1133479578 | |
| 005 | 20110413094051.85 | |
| 010 | @a978-7-5640-3124-4@dCNY24.80 | |
| 100 | @a20110406d2010 ekmy0chiy0120 ea | |
| 101 | 0 | @achi |
| 102 | @aCN@b110000 | |
| 105 | @aa z 000yy | |
| 106 | @ar | |
| 200 | 1 | @a生命不能承受之重@ASheng Ming Bu Neng Cheng Shou Zhi Zhong@e震撼人类心灵的大劫难@EZhen Han Ren Lei Xin Ling De Da Jie Nan@f传奇翰墨编委会编著@FChuan Qi Han Mo Bian Wei Hui Bian Zhu |
| 210 | @a北京@c北京理工大学出版社@d2010 | |
| 215 | @a224页@c图@d24cm | |
| 330 | @a本书内容简介:在这颗蔚蓝的星球上,什么是传奇?是主宰命运的英雄,是使天地色变的霹雳,是令人神往的秘境,是无法磨灭的记忆,是人迹罕至的奇景,是社会变迁的光怪陆离…… | |
| 517 | 1 | @a震撼人类心灵的大劫难@AZhen Han Ren Lei Xin Ling De Da Jie Nan |
| 606 | 0 | @a灾害@x历史@y世界 |
| 606 | 0 | @a灾害 |
| 690 | @aX4@v4 | |
| 711 | 02 | @a传奇翰墨编委会@AChuan Qi Han Mo Bian Wei Hui@4编著 |
| 801 | 0 | @aCN@bTANGWEI@c20110413 |
| 905 | @b0533548-52@dX4@e105@f5 | |
| 生命不能承受之重:震撼人类心灵的大劫难/传奇翰墨编委会编著.-北京:北京理工大学出版社,2010 |
| 224页:图;24cm |
| ISBN 978-7-5640-3124-4:CNY24.80 |
| 本书内容简介:在这颗蔚蓝的星球上,什么是传奇?是主宰命运的英雄,是使天地色变的霹雳,是令人神往的秘境,是无法磨灭的记忆,是人迹罕至的奇景,是社会变迁的光怪陆离…… |
| ● |
| 相关链接 |
|
|
|
|
正题名:生命不能承受之重
索取号:X4/105
 
预约/预借
| 序号 | 登录号 | 条形码 | 馆藏地/架位号 | 状态 | 备注 |
| 1 | 0533548 | 205335485 | 第二样本阅览室/ [索取号:X4/105] | 在馆 | |
| 2 | 0533549 | 205335494 | 第三借阅区/ [索取号:X4/105] | 在馆 | |
| 3 | 0533550 | 205335500 | 第三借阅区/ [索取号:X4/105] | 在馆 | |
| 4 | 0533551 | 205335519 | 第三借阅区/ [索取号:X4/105] | 在馆 | |
| 5 | 0533552 | 205335528 | 第三借阅区/ [索取号:X4/105] | 在馆 |